Textbook of Microbiology / (Record no. 933)

MARC details
000 -LEADER
Fixed length control field 00531nam a2200205Ia 4500
003 - CONTROL NUMBER IDENTIFIER
Control field IIN
005 - DATE AND TIME OF LATEST TRANSACTION
Control field 20240205114606.0
008 - FIXED-LENGTH DATA ELEMENTS--GENERAL INFORMATION
Fixed length control field 231217s9999 xx 000 0 und d
020 ## - INTERNATIONAL STANDARD BOOK NUMBER / ISBN
Price Rs.850.00
International Standard Book Number 9788123929774
040 ## - CATALOGING SOURCE
Original cataloging agency IIN
Language of cataloging English
082 ## - DEWEY DECIMAL CLASSIFICATION NUMBER
Classification number 579
Book Number ARO
100 1# - MAIN ENTRY--PERSONAL NAME
Personal name Arora, D.R.
245 1# - TITLE STATEMENT
Title Textbook of Microbiology /
Statement of responsibility D.R. Arora and Brij Bala Arora
250 ## - EDITION STATEMENT
Edition statement 5th ed
260 ## - IMPRINT
Name of publisher CBS
Place of publication New Delhi
Date of publication 2016
300 ## - PHYSICAL DESCRIPTION
Page / Vol. No xiii, 682 p.
650 1# - SUBJECT ADDED ENTRY--TOPICAL TERM
Topical term Microbiology
700 1# - ADDED ENTRY--PERSONAL NAME
Personal name Arora, Brij Bala
942 ## - ADDED ENTRY ELEMENTS (KOHA)
Koha item type Books
Holdings
Withdrawn status Lost status Source of classification Damaged status Not for loan Collection code Home library Current library Date acquired Price Total Checkouts Call number Accession number Date last seen Price effective from Koha item type
    Dewey Decimal Classification       IDEAL INSTITUTE OF NURSING IDEAL INSTITUTE OF NURSING 17/12/2023 850.00   579 ARO 927 17/12/2023 17/12/2023 Books
    Dewey Decimal Classification       IDEAL INSTITUTE OF NURSING IDEAL INSTITUTE OF NURSING 17/12/2023 850.00   579 ARO 928 17/12/2023 17/12/2023 Books
    Dewey Decimal Classification       IDEAL INSTITUTE OF NURSING IDEAL INSTITUTE OF NURSING 17/12/2023 850.00   579 ARO 929 17/12/2023 17/12/2023 Books
    Dewey Decimal Classification       IDEAL INSTITUTE OF NURSING IDEAL INSTITUTE OF NURSING 17/12/2023 850.00   579 ARO 930 17/12/2023 17/12/2023 Books
    Dewey Decimal Classification       IDEAL INSTITUTE OF NURSING IDEAL INSTITUTE OF NURSING 17/12/2023 850.00   579 ARO 931 17/12/2023 17/12/2023 Books
© Ideal Institute Of Nursing, All rights reserved.         Powered by Koha